| 000 | 02744cad a22003855a 4500 | ||
|---|---|---|---|
| 005 | 20260424103613.0 | ||
| 008 | 260317e2026 xxk 000 0 eng u | ||
| 020 | _a9781783215522 | ||
| 035 | _a(Sirsi) u159303 | ||
| 041 | 0 | _aeng | |
| 050 | 0 | 4 | _a333.33 $2 18 |
| 110 | 2 |
_aRoyal Institution of Chartered Surveyors _94900 |
|
| 245 | 0 | 0 |
_aService charge residential management code _band additional advice to landlords, leaseholders and agents _h[electronic resource] |
| 250 | _a4th edition | ||
| 260 |
_aLondon, _bRICS, _cMarch 2026 |
||
| 490 | _aRICS Professional Standard | ||
| 500 | _aOn 30 March 2026, section 10.10 of the code was amended to refer to updated guidance from LEASE on section 20 consultation. | ||
| 520 | _aComes into effect 7 April 2026 | ||
| 520 | _aThe 4th edition of the code, reviewed by the Ministry of Housing, Communities and Local Government (MHCLG) and approved by the Secretary of State, is effective from 7 April 2026. It applies only to residential leasehold properties in England, but practitioners operating in other parts of the UK are encouraged to follow the best practice guidelines contained in the code. This code is written to promote desirable practices in respect of the management of residential leasehold property, with the latest edition of the code reflecting recent developments in legislation, such as the Building Safety Act (2022) and the Fire Safety Act (2021) and good practice. Effective property management requires cooperation and a shared understanding of procedures and potential problems. The code is intended for RICS members and regulated firms acting as landlords, social housing landlords, leaseholders, managing agents, managers and occupiers of leasehold property. Additionally, parts are specifically intended for other parties such as property owners and professional advisers. | ||
| 520 | _aSupersedes 3rd edition (ISBN 9781783211418) | ||
| 521 | _aAdvanced | ||
| 590 | _aKA | ||
| 650 | 2 | 4 | _aLEASEHOLD AND FREEHOLD REFORM ACT 2024 |
| 650 | 2 | 4 | _aLANDLORD AND TENANT ACT 1985 |
| 650 | 2 | 4 | _aCOMMONHOLD AND LEASEHOLD REFORM ACT 2002 |
| 650 | 2 | 4 | _aBUILDING SAFETY ACT 2022 |
| 650 | 2 | 4 | _aFIRE SAFETY ACT 2021 |
| 650 | 2 | 4 | _aCONSUMER RIGHTS ACT 2015 |
| 651 | 4 | _aEngland | |
| 690 |
_aLandlord and tenant _96252 |
||
| 690 |
_aResidential property _96266 |
||
| 856 | 4 | 1 |
_uhttps://www.rics.org/content/dam/ricsglobal/documents/standards/Service-Charge-Residential-Management-Code_4th-edition.pdf _zView the Code free of charge at RICS.org |
| 856 | 4 | 1 |
_uhttps://www.rics.org/content/dam/ricsglobal/documents/standards/Service-Charge-Residential-Management-Code_4th-edition_Basis-of-Conclusions.pdf _zBasis of conclusions for 4th edition |
| 942 |
_n0 _2ddc |
||
| 999 |
_c122340 _d122340 |
||